00662 2200229 4500001002100000005001700021008004100038020002200079035002400101041000800125043001300133082001100146090002000157245007300177250001000250260002700260300003000287650001500317710006000332850001200392999002800404YOGYA-0711000000083820110718083827.0 ind  a978-979-29-1757-4 0010-071100000000838 aInd aYOPD DIY a006.76 aDEP 006.76bKup aKupas Tuntas Adobe Dream Weaver CS 5 Dengan Pemrograman PHP - My SQL aCet 1 aYogyakartabAndic2010 aXVI, 410 hlmbilusc23 cm aPHP My SQL aDiterbitkan Atas Kerjasama Penerbit Andi dengan Madcoms aYOPDYOG aCB - D.11 - 2010 - 1814